<?xml version="1.0" encoding="UTF-8"?>
<collection xmlns="http://www.loc.gov/MARC21/slim">
  <record>
    <leader>00000nam  2200000   4500</leader>
    <controlfield tag="001">000280</controlfield>
    <controlfield tag="005">20250710125216</controlfield>
    <datafield tag="035" ind1="#" ind2="#">
      <subfield code="a">0010-0725000120</subfield>
    </datafield>
    <datafield tag="245" ind1="1" ind2="#">
      <subfield code="a">Emma Membuat Kue Kering /</subfield>
      <subfield code="c">Julia Shipman</subfield>
    </datafield>
    <datafield tag="100" ind1=" " ind2="#">
      <subfield code="a">Shipman,Julia</subfield>
    </datafield>
    <datafield tag="250" ind1="#" ind2="#">
      <subfield code="a">Pertama</subfield>
    </datafield>
    <datafield tag="300" ind1="#" ind2="#">
      <subfield code="a">20hlm. :</subfield>
      <subfield code="b">ilus. ;</subfield>
      <subfield code="c">22,9cm</subfield>
    </datafield>
    <datafield tag="856" ind1="#" ind2="#">
      <subfield code="a">TBM AS-SYUHADA</subfield>
    </datafield>
    <datafield tag="260" ind1="#" ind2="#">
      <subfield code="a">Jakarta Timur :</subfield>
      <subfield code="b">Badan Pengembangan dan Pembinaan Bahasa,</subfield>
      <subfield code="c">20222</subfield>
    </datafield>
    <datafield tag="082" ind1="#" ind2="#">
      <subfield code="a">398.209 598</subfield>
    </datafield>
    <datafield tag="650" ind1="#" ind2="4">
      <subfield code="a">cerita anak indonesia-terjemahan, literasi bahan bacaan</subfield>
    </datafield>
  </record>
</collection>
